A picture of male unemployment in Britain (Registro nro. 26608)

Detalles MARC
000 -LEADER
fixed length control field 00327 a2200109 4500
001 - CONTROL NUMBER
control field ART_12715
005 - DATE AND TIME OF LATEST TRANSACTION
control field 20260410161909.0
008 - FIXED-LENGTH DATA ELEMENTS--GENERAL INFORMATION
fixed length control field 260409a
100 1# - MAIN ENTRY--PERSONAL NAME
Personal name Nickell, S. J.
245 10 - TITLE STATEMENT
Title A picture of male unemployment in Britain
773 0# - HOST ITEM ENTRY
Title The Economic Journal
Related parts - Vol. 90, Nº 360 (dic. 1980)
Record control number REV12512

No hay ítems disponibles.